UBT Library

Statistics/ (Record no. 407)

000 -LEADER
fixed length control field 00512nam a22001937a 4500
005 - DATE AND TIME OF LATEST TRANSACTION
control field 20140307060403.0
008 - FIXED-LENGTH DATA ELEMENTS--GENERAL INFORMATION
fixed length control field 140306b xxu||||| |||| 00| 0 eng d
020 ## - INTERNATIONAL STANDARD BOOK NUMBER
International Standard Book Number 978-0-07-175133-9
041 0# - LANGUAGE CODE
Language code of text/sound track or separate title eng
080 ## - UNIVERSAL DECIMAL CLASSIFICATION NUMBER
Universal Decimal Classification number 311.1
Common auxiliary subdivision (075.8)
100 ## - Rafti
Rafti Gibilisco, Stan
245 ## - TITLE STATEMENT
Title Statistics/
Statement of responsibility, etc Gibilisco, Stan
250 ## -
-- 2 st.ed.
260 ## -
-- New York:
-- Mc Graw Hill;
-- 2011.
300 ## -
-- 375 f. :
-- me il.;
-- 23 cm,
650 ## -
-- Statistikë
650 ## -
-- Konceptet bazë të statistikës
942 ## - ADDED ENTRY ELEMENTS (KOHA)
Source of classification or shelving scheme
Item type Books
Holdings
Withdrawn status Lost status Source of classification or shelving scheme Damaged status Not for loan Collection code Permanent location Current location Shelving location Date acquired Total Checkouts Full call number Barcode Date last seen Koha item type Price effective from
          Koleksioni i përgjithshem UBT - Ferizaj UBT - Ferizaj Koleksioni i përgjithshem 03/06/2014   311.1 (075.8) GIB 003-000031 03/06/2014 Books  
          Koleksioni i përgjithshem UBT - Ferizaj UBT - Ferizaj Koleksioni i përgjithshem 03/06/2014   311.1 (075.8) GIB 003-000032 03/06/2014 Books 03/06/2014
          Koleksioni i përgjithshem UBT - Ferizaj UBT - Ferizaj Koleksioni i përgjithshem 03/06/2014   311.1 (075.8) GIB 003-000033 03/06/2014 Books 03/06/2014
          Koleksioni i përgjithshem UBT - Ferizaj UBT - Ferizaj Koleksioni i përgjithshem 03/06/2014   311.1 (075.8) GIB 003-000034 03/06/2014 Books 03/06/2014
          Koleksioni i përgjithshem UBT - Ferizaj UBT - Ferizaj Koleksioni i përgjithshem 03/06/2014   311.1 (075.8) GIB 003-000035 03/06/2014 Books 03/06/2014
          Koleksioni i përgjithshem UBT - Ferizaj UBT - Ferizaj Koleksioni i përgjithshem 03/06/2014   311.1 (075.8) GIB 003-000036 03/06/2014 Books 03/06/2014
          Koleksioni i përgjithshem UBT - Ferizaj UBT - Ferizaj Koleksioni i përgjithshem 03/06/2014   311.1 (075.8) GIB 003-000037 03/06/2014 Books 03/06/2014
          Koleksioni i përgjithshem UBT - Ferizaj UBT - Ferizaj Koleksioni i përgjithshem 03/06/2014   311.1 (075.8) GIB 003-000038 03/06/2014 Books 03/06/2014
          Koleksioni i përgjithshem UBT - Ferizaj UBT - Ferizaj Koleksioni i përgjithshem 03/06/2014   311.1 (075.8) GIB 003-000039 03/06/2014 Books 03/06/2014
          Koleksioni i përgjithshem UBT - Ferizaj UBT - Ferizaj Koleksioni i përgjithshem 03/06/2014   311.1 (075.8) GIB 003-000040 03/06/2014 Books 03/06/2014
UBT Library © 2015-2024. All rights reserved University Education for Business and Technology